One Piece - Lieux en Image - Statistiques

Statistiques générales
  • Ce quiz a été pris 245 fois
  • Le résultat moyen est 23 sur 40
Statistiques - réponses
Par images Réponse % Correct
Baratie
91%
Alabasta
90%
Arlong Park
86%
Pays des Wa
84%
Archipel Sabaody
83%
Marineford
83%
Water Seven
82%
Enies Lobby
78%
Impel Down
76%
Egghead
74%
Punk Hazard
73%
Onigashima
72%
Thriller Bark
71%
Amazon Lily
70%
Île Tougato
69%
Drum
68%
Skypiea
68%
Dressrosa
64%
Red Line
64%
Île des Hommes Poissons
63%
Logue Town
61%
Zou
61%
Île de Ruche
60%
Elbaf
58%
God Valley
54%
Ohara
50%
Fuchsia
49%
Little Garden
47%
Jaya
45%
Sirop
45%
Reverse Mountain
44%
Kedetrav
42%
Mary Geoise
41%
Whiskey Peak
41%
Long Ring Long Land
40%
Baltigo
33%
Shandora
25%
Grey Terminal
20%
Lulusia
18%
Green Bit
15%
Aucun quiz correspondant
Distribution des résultats
% des personnes avec chaque résultat
Percentile par nombre de réponses
Votre historique - résultats
Vous n’avez pas pris ce quiz